00649nam a22001817a 450000500170000001000150001702000260003203500140005803700130007208200180008510000180010324501240012125000100024526000680025527000900032330000280041370000260044120230918141250.0 aENG-138094 a9789357053143c550.00 aEN-121626 bDBAD/PUB a330.192First aPrakash, B.A  aKerala's Economic Development:bCovid-19 Pandemic, Economic Crisis and Public Policy/ cBy B.A Prakash and Jerry Alwin  aFirst aUttar PradeshbPearson India Education Services Pvt. Ltd.c2023 a1st Floor, Berger Tower, Plot No. C-001A/2, Sector 16BbNoida (Uttar Pradesh)e201301 a408p.c23cm(pbk)bIndex aAlwin, Jerry eAuthor